Applied forest tree improvement

Bibliographic Details
Main Author: ZOBEL 1920-
Format: Book
Published: New York : Wiley , 1984
Subjects:

MARC

LEADER 00000cam a2200000 7i4500
001 0000000415
005 20000810.0
020 0 0 |a 0471096822 
090 0 0 |a 634.95   |b ZOB 1984 
100 1 0 |a ZOBEL   |h Bruce   |c 1920- 
245 1 0 |a Applied forest tree improvement   |c Bruce Zobel, John Talbert 
260 0 0 |a New York :   |b Wiley ,   |c 1984 
300 |a xv, 505 p. :   |b ill. ;   |c 24 cm. 
500 0 0 |a Includes bibliographies and indexes 
650 0 0 |a Forest genetics 
650 0 0 |a Trees   |x Breeding 
999 |a 0000000098   |b Monograph   |c Open Shelf   |e Default branch